| 000 | 00771nam a2200229 i 4500 | ||
|---|---|---|---|
| 001 | 8102 | ||
| 003 | ES-MaACL | ||
| 005 | 20230906145359.0 | ||
| 007 | t| | ||
| 008 | 910624s1934 sp ||||1| spa d | ||
| 080 | _a9(46)"1474/1517" | ||
| 080 | _a92 Fernando(46)V | ||
| 080 | _a92 Isabel(46)I | ||
| 245 | 0 | 0 |
_aCronica incompleta de los Reyes Catolicos _b: (1469-1476) : segun un manuscrito anonimo de la epoca / _cprologo y notas de Julio Pujol. |
| 260 |
_aMadrid : _bAcademia de la Historia, _c1934. |
||
| 300 |
_a365 p. ; _c25 cm. |
||
| 500 | _aIndices. | ||
| 651 |
_aEspaña- _xHistoria- _y1474-1516, Reyes Católicos. _98222 |
||
| 700 | 1 |
_aPujol, Julio. _994342 |
|
| 710 | 2 |
_aReal Academia de la Historia (España) _96309 |
|
| 852 |
_aES-MaACL _jL-15189 _bR.111393 |
||
| 999 |
_c8102 _d8102 |
||